| 000 | 01224nam a2200301 4500 | ||
|---|---|---|---|
| 001 | ebr10127899 | ||
| 003 | CaPaEBR | ||
| 006 | m u | ||
| 007 | cr cn||||||||| | ||
| 008 | 050817s2005 enka fsb 001 0 eng d | ||
| 020 | _z0750677600 (pbk.) | ||
| 040 |
_aCaPaEBR _cCaPaEBR |
||
| 035 | _a(OCoLC)647496210 | ||
| 050 | 1 | 4 |
_aTK7888.4 _b.Y36 2005eb |
| 082 | 0 | 4 |
_a621.39732 _222 |
| 100 | 1 | _aYanda, Richard F. | |
| 245 | 1 | 0 |
_aDemystifying chipmaking _h[electronic resource] / _cby Richard F. Yanda, Michael Heynes and Anne K. Miller. |
| 260 |
_aOxford : _bNewnes ; _aAmsterdam : _bElsevier, _c2005. |
||
| 300 |
_axvii, 256 p. : _bill. |
||
| 504 | _aIncludes bibliographical references and index. | ||
| 533 |
_aElectronic reproduction. _bPalo Alto, Calif. : _cebrary, _d2009. _nAvailable via World Wide Web. _nAccess may be limited to ebrary affiliated libraries. |
||
| 650 | 0 |
_aLogic circuits _xDesign and construction. |
|
| 650 | 0 | _aMetal oxide semiconductors, Complementary. | |
| 655 | 7 |
_aElectronic books. _2local |
|
| 700 | 1 | _aHeynes, Michael. | |
| 700 | 1 | _aMiller, Anne K. | |
| 856 | 4 | 0 |
_uhttp://site.ebrary.com/lib/rucke/Doc?id=10127899 _zAn electronic book accessible through the World Wide Web; click to view |
| 999 |
_c81984 _d81984 |
||